Score 0/30 Timer 06:00
0 Plays Today
Score Country % Correct
North AmericaUnited States (76.2)
96%
North AmericaCanada (79.1)
95.3%
EuropeUnited Kingdom (75.8)
91.9%
OceaniaAustralia (81.4)
91.3%
OceaniaNew Zealand (82.1)
88.6%
South AmericaChile (78.5)
85.9%
AsiaSingapore (89.4)
83.9%
EuropeIreland (76.6)
79.2%
AsiaSouth Korea (71.5)
78.5%
EuropeSwitzerland (80.5)
75.8%
South AmericaPeru (67.7)
75.8%
South AmericaColombia (71.7)
74.5%
AsiaTaiwan (75.1)
73.2%
South AmericaUruguay (68.6)
73.2%
South AmericaParaguay (61.1)
69.1%
Score Country % Correct
EuropeDenmark (76.3)
65.8%
North AmericaBahamas (68.7)
59.1%
OceaniaSamoa (61.9)
58.4%
OceaniaTonga (59.3)
58.4%
OceaniaVanuatu (61.1)
54.4%
AfricaGhana (63.0)
53%
AfricaMauritius (76.4)
51%
North AmericaSt. Lucia (70.2)
49.7%
AfricaBotswana (69.8)
47.7%
North AmericaSt. Vincent-Grenadines (68.0)
45.6%
AfricaCabo Verde (66.4)
45%
EuropeEstonia (76.8)
43%
AsiaBahrain (73.4)
39.6%
AfricaRwanda (64.8)
28.9%
AsiaGeorgia (73.0)
28.2%
Remove Ads.
Support Sporcle.
Get the best of Sporcle when you Go Orange. This ad-free experience offers more features, more stats, and more fun while also helping to support Sporcle. Thank you for becoming a member.

You're not logged in!

Compare scores with friends on all Sporcle quizzes.
OR
Log In

Show Comments

Extras

Top Quizzes Today


Score Distribution

Your Account Isn't Verified!

In order to create a playlist on Sporcle, you need to verify the email address you used during registration. Go to your Sporcle Settings to finish the process.

Report this User

Report this user for behavior that violates our Community Guidelines.

Details: